Kremlivsʹka brechnja pro Holodomor 1932-1933 rr. v Ukraïni

Titel: Kremlivsʹka brechnja pro Holodomor 1932-1933 rr. v Ukraïni / Andrij Kozycʹkyj.
Verfasser:
Ausgabe: Vydannja druhe
Veröffentlicht: Lʹviv : "Literatura i mystectvo", 2024
Umfang: 262 Seiten
Format: Buch
Sprache: Ukrainisch
Schlagworte:
ISBN: 9786177429790 ; 6177429793
Buchumschlag
X
alg: 52089185
001A    $03004:26-08-24 
001B    $01999:27-09-25 $t12:02:49.000 
001D    $03004:18-09-25 
001U    $0utf8 
001X    $00 
002@    $0Aau 
002C    $aText $btxt $2rdacontent 
002D    $aohne Hilfsmittel zu benutzen $bn $2rdamedia 
002E    $aBand $bnc $2rdacarrier 
003@    $0520891856 
004A    $A978-617-7429-79-0 
004A    $0617-7429-79-3 
006C    $01429563842 $aOCoLC 
007A    $0520891856 $aHEB 
007G    $0 
009P    $uhttps://bvbr.bib-bvb.de:443/F?func=service&doc_library=BVB01&local_base=BVB01&doc_number=034966865&sequence=000001&line_number=0001&func_code=DB_RECORDS&service_type=MEDIA $mDigitalisierung BSB München 19 - ADAM Catalogue Enrichment 
009P    $uhttps://bvbr.bib-bvb.de:443/F?func=service&doc_library=BVB01&local_base=BVB01&doc_number=034966865&sequence=000003&line_number=0002&func_code=DB_RECORDS&service_type=MEDIA $mDigitalisierung BSB München 19 - ADAM Catalogue Enrichment 
009P    $qapplication/pdf $A2 $3Cover $uhttp://scans.hebis.de/HEBCGI/show.pl?52089185_cov.pdf $mV:DE-603;B:DE-Mb50 
009P    $qapplication/pdf $A2 $3Inhaltsverzeichnis $uhttp://scans.hebis.de/HEBCGI/show.pl?52089185_toc.pdf $mV:DE-603;B:DE-Mb50 
010@    $aukr 
010E    $erda 
011@    $a2024 $n2024 
021A    $aKremlivsʹka brechnja pro Holodomor 1932-1933 rr. v Ukraïni $T01 $ULatn $hAndrij Kozycʹkyj. 
021A    $aКремлівська брехня про Голодомор 1932-1933 рр. в Україні $T01 $UCyrl $hАндрій Козицький. 
028A    $BVerfasser $#Козицький, Андрій Михайлович $#Kozickij, A. M. $#Kozickij, Andrej Michajlovič $#Kozitskii, A. M. $#Kozitskii, Andrei Mikhailovich $#Kozycʹkyj, A. $#Kozycʹkyj, A. M. $#Kozycʹkyj, Andrij $#Kozytsʹkyi, A. M. $#Kozytsʹkyi, Andrii $#Kozytsʹkyi, Andrii Mykhailovych $T01 $4aut $ULatn $713392369X $8Kozycʹkyj, Andrij Mychajlovyč$Z1970- [Tp3] $9194969428 
028A    $BVerfasser $#Козицький, Андрій Михайлович $#Kozickij, A. M. $#Kozickij, Andrej Michajlovič $#Kozitskii, A. M. $#Kozitskii, Andrei Mikhailovich $#Kozycʹkyj, A. $#Kozycʹkyj, A. M. $#Kozycʹkyj, Andrij $#Kozytsʹkyi, A. M. $#Kozytsʹkyi, Andrii $#Kozytsʹkyi, Andrii Mykhailovych $T01 $4aut $UCyrl $713392369X $8Козицький, Андрій Михайлович$Z1970- [Tp3] $9194969428 
032@    $aVydannja druhe $T01 $ULatn 
032@    $aВидання друге $T01 $UCyrl 
033A    $pLʹviv $n"Literatura i mystectvo" 
034D    $a262 Seiten 
044K    $qBVB $RRussische SFSR $#Russland $#Russland $#Russische Föderation $#Rußland (vor 1917) $#Россия $#Rußland $#Krievija $#Federazione Russa $#RF $#Großrussland $#Großrußland $#Russia -1917; 1992- $#Rossijskaja Imperija $#Russie $#Empire de Russie $#Russian Federation $#Federacja Rosyjska $#Rosja $#Rossija $#Rossijskaja Federacija $#Russische Föderation $#RF Rossija $#Russia $#Russland -1917 ; 1992- $#Russisches Reich $#РФ $#Российская Федерация $#Российская Империя $74076899-5 $8Russland [Tgz] $9085217913 
044K    $qBVB $RFälschung $RGeschichtsklitterung $#History Errors, inventions, etc. $#Erreurs et falsifications historiques $74020527-7 $8Geschichtsfälschung [Ts1] $9085049395 
044K    $qBVB $RHungersnot $RVölkerrechtliches Verbrechen $#Tötung durch Hunger $71151824690 $8Holodomor [Ts1] $9425443086 
045F    $a901.094710905 $eDDC22BSB 
045F/01 $a901 
045F/03 $f0905 
045F/03 $f0904 
045F/03 $g471 
045G    $a900.947709043 $eDDC22BSB 
045G/01 $a900 
045G/03 $f09043 
045G/03 $g477 
045H    $a900 $eDDC22eng 
045R    $aGeschichte 1932-1933 
045T    $aOST $qDE-12 $2FID 
046L    $aText ukrainisch; kyrillische Schrift 

lok: 52089185 24

exp: 52089185 24 1 #EPN
201B/01 $018-09-25 $t16:00:33.000 
201C/01 $026-08-24 
201U/01 $0utf8 
203@/01 $01269314882 
208@/01 $a26-08-24 $bz 
209A/01 $a24.05328 $du $f050 $h24 05328 $x00 
209C/01 $a24.05328 K $h24 05328 K 
209G/01 $a74754945 $x00 
220C/01 $ajwa 
247C/01 $8358050-7 Marburg, Bibliothek des Herder-Instituts Marburg $9102600961
LEADER 00000cam a2200000 c 4500
001 520891856
003 DE-603
005 20250927120249.0
007 tu
008 240826s2024 xx |||| | u00||u|ukr c
020 |a 9786177429790 
020 |a 6177429793 
035 |a (DE-599)HEB520891856 
040 |a DE-603  |b ger  |c DE-603  |d DE-603  |e rda 
041 |a ukr 
082 0 4 |8 1\u  |a 901.094710905  |q DE-101  |2 22/BSB 
083 0 |8 2\u  |a 900.947709043  |q DE-101  |2 22/BSB 
083 0 |8 3\u  |a 900  |q DE-101  |2 22/eng 
084 |a OST  |q DE-12  |2 fid 
085 |8 1\u  |b 901 
085 |8 1\u  |z 1  |s 0905 
085 |8 1\u  |z 1  |s 0904 
085 |8 1\u  |z 2  |s 471 
085 |8 2\u  |b 900 
085 |8 2\u  |z 1  |s 09043 
085 |8 2\u  |z 2  |s 477 
100 1 |6 880-02/Latn  |a Kozycʹkyj, Andrij Mychajlovyč  |d 1970-  |e Verfasser  |4 aut  |0 (DE-603)194969428  |0 (DE-588)13392369X  |2 gnd 
245 0 0 |6 880-01/Latn  |a Kremlivsʹka brechnja pro Holodomor 1932-1933 rr. v Ukraïni  |c Andrij Kozycʹkyj. 
250 |6 880-03/Latn  |a Vydannja druhe 
264 1 |a Lʹviv  |b "Literatura i mystectvo"  |c 2024 
300 |a 262 Seiten 
336 |a Text  |b txt  |2 rdacontent 
337 |a ohne Hilfsmittel zu benutzen  |b n  |2 rdamedia 
338 |a Band  |b nc  |2 rdacarrier 
546 |a Text ukrainisch; kyrillische Schrift 
648 7 |a Geschichte 1932-1933  |2 gnd 
650 7 |a Geschichtsfälschung  |0 (DE-588)4020527-7  |0 (DE-603)085049395  |2 gnd 
650 7 |a Holodomor  |0 (DE-588)1151824690  |0 (DE-603)425443086  |2 gnd 
651 7 |a Russland  |0 (DE-588)4076899-5  |0 (DE-603)085217913  |2 gnd 
856 4 2 |m Digitalisierung BSB München 19 - ADAM Catalogue Enrichment  |u https://bvbr.bib-bvb.de:443/F?func=service&doc_library=BVB01&local_base=BVB01&doc_number=034966865&sequence=000001&line_number=0001&func_code=DB_RECORDS&service_type=MEDIA 
856 4 2 |m Digitalisierung BSB München 19 - ADAM Catalogue Enrichment  |u https://bvbr.bib-bvb.de:443/F?func=service&doc_library=BVB01&local_base=BVB01&doc_number=034966865&sequence=000003&line_number=0002&func_code=DB_RECORDS&service_type=MEDIA 
856 4 2 |m V:DE-603;B:DE-Mb50  |q application/pdf  |u http://scans.hebis.de/HEBCGI/show.pl?52089185_cov.pdf  |3 Cover 
856 4 2 |m V:DE-603;B:DE-Mb50  |q application/pdf  |u http://scans.hebis.de/HEBCGI/show.pl?52089185_toc.pdf  |3 Inhaltsverzeichnis 
880 |6 250-03/Cyrl  |a Видання друге 
880 0 0 |6 245-01/Cyrl  |a Кремлівська брехня про Голодомор 1932-1933 рр. в Україні  |c Андрій Козицький. 
880 1 |6 100-02/Cyrl  |a Козицький, Андрій Михайлович  |d 1970-  |e Verfasser  |4 aut  |0 (DE-603)194969428  |0 (DE-588)13392369X  |2 gnd 
924 0 |9 Mb 50  |a (DE-603)1269314882  |b DE-Mb50  |c HES  |d c  |g 24.05328